000 02550cam a2200481 i 4500
001 21510353
003 NUST
005 20230127180143.0
008 200422s2020 ch a b 000 0 chi d
010 _a 2020362858
020 _a978-1-4088-8313-6
035 _a(OCoLC)on1141103330
040 _aACTRA
_beng
_erda
_cACTRA
_dOCLCF
_dOCLCQ
_dLPU
_dDLC
041 1 _achi
_heng
042 _alccopycat
050 0 0 _aD21.3
_b.F73127 2020
066 _c$1
082 _a909,FRA
100 1 _aFrankopan, Peter
_eauthor.
_999952
245 _aSilk Roads :
_ba new history of the world /
_cFrankopan, Peter,
264 1 _6=
_aIndia
_bThomson Press
_c2015
300 _a636 pages :
_bsome color illustrations ;
_c21 cm
336 _atext
_btxt
_2rdacontent
505 _aThe Creation of the Silk Road (Page-1), The Road of Faiths (Page-27), The Road to Christian East (Page-45), The Road to revolution (Page-63), The Road to Concord (Page-79), The Road of Furs (Page-102), The Save Road (Page-117), The Road to Heaven (Page-136), The Road to Hell (Page-158), The Road of Death and Destruction (Page-175), The Road of Gold (Page-202), The Road of Silver (Page-220), The Road to Northern Europe (Page-243), The Road to Empire (Page-264), The Road to Crisis (Page-280), The Road to War (Page-294), The Road of Black Gold (Page-322), The Road to Compromise (page-341), The Wheat road (Page-3570, The Road to Genocide (Page-377), The Road of Cold Warfare (Page-399), The American Road (Page-419), The road of Superpower Rivalry (Page-437), The Road to Catastrophe (Page-457), The Road to Tragedy (Page-508).
650 0 _aWorld history.
650 0 _aTrade routes
_xHistory.
_9107949
650 0 _aEast and West
_xHistory.
_9107950
650 0 _aImperialism
_xHistory.
_9107951
650 0 _aCulture conflict
_xHistory.
_9107952
650 0 _aAcculturation
_xHistory.
_9107953
650 7 _aAcculturation.
_2fast
_0(OCoLC)fst00795535
_9104771
650 7 _aCulture conflict.
_2fast
_0(OCoLC)fst00885099
_936403
650 7 _aEast and West.
_2fast
_0(OCoLC)fst00901090
_910370
650 7 _aImperialism.
_2fast
_0(OCoLC)fst00968126
_949704
650 7 _aTrade routes.
_2fast
_0(OCoLC)fst01153852
_9107954
650 7 _aWorld history.
_2fast
_0(OCoLC)fst01181345
_9107959
651 0 _aSilk Road.
_9107956
651 0 _aSilk Road
_xHistory.
_94678
651 7 _aAsia
_zSilk Road.
_2fast
_0(OCoLC)fst01243730
_9107957
655 7 _aHistory.
_2fast
_0(OCoLC)fst01411628
_913777
700 1 _6880-05
_aYuan, Mowen,
_d1986-
_etranslator.
_9107958
942 _2ddc
_cBK
_k909,FRA
999 _c593038
_d593038